000 00752nam a2200277Ia 4500
001 Para_6030
003 CHAP
008 220125s1979 xx 000 0 und d
010 _a204785
040 _cCHAP
082 _aPA 581.1927 M66
100 _aMoore, Thomas C.
_978096
245 _aBiochemistry and physiology of plant hormones /
_c by Thomas C. Moore
260 _aNew York :
_b Springer - Verlag
300 _a274 p.
650 _aFisiologĂ­a vegetal
_941136
650 _aHormonas vegetales
650 _aQuĂ­mica vegetal
_993602
901 _aPA 581.1927 M66
902 _aA
905 _a0000001979 a 0000000000 00
910 _a1979
942 _cPARA
942 _cPARA
_d1
999 _c204785
_d204785